| 000 | 00880nam a2200289 4500 | ||
|---|---|---|---|
| 001 | 72330 | ||
| 003 | BD-RjUL | ||
| 005 | 20211209082240.0 | ||
| 008 | 170516s1973 n a b 001 0 eng d | ||
| 020 | _a3211811044 | ||
| 020 | _a0387811044 | ||
| 035 | _a(BD-RjUL)72547 | ||
| 040 |
_aDLC _cDLC _dUKM _dBD-RjUL _beng |
||
| 041 | 1 | _aengger | |
| 082 |
_a622.752 _223 _bNEZ 1973 |
||
| 100 | 1 |
_aNey, P. _9213896 |
|
| 245 | 1 | 0 |
_aZeta-potentiale und flotierbarkeit von mineralen. / _cP. Ney |
| 260 |
_aNew York : _bSpringer, _c1973. |
||
| 300 |
_aviii,, 214 p. : _bill. ; _c23 cm. |
||
| 490 |
_aApplied mineralogy technische mineralogie _v6 |
||
| 504 | _aBibliography and Indexes | ||
| 650 | 0 |
_aNonmetallic minerals _9213897 |
|
| 650 | 0 |
_aFlotation _9213898 |
|
| 650 | 0 |
_aZeta potential _9213899 |
|
| 830 |
_aApplied mineralogy technische mineralogie _v6 _9213930 |
||
| 942 |
_2ddc _cBK |
||
| 999 |
_c72330 _d72330 |
||